| 000 | 00804cam a2200181 4500 | ||
|---|---|---|---|
| 001 | J119722 | ||
| 008 | 020917n2002 000 0 eng u | ||
| 035 | _a(Sirsi) u119722 | ||
| 050 | _a368.5 | ||
| 110 |
_aRoyal Institution of Chartered Surveyors _bProfessional Regulation and Consumer Protection _94348 |
||
| 245 | _aPII : Chartered Surveyors in employment : professional liability guidance for members | ||
| 260 |
_aCoventry _bRICS _c2002 |
||
| 520 | _aLeaflet explaining the potential liability of employees and how personal liability can be minimised. Copies are available from Mark Southwell t +44 (0)20 7695 1625, e [email protected]. | ||
| 650 | _aLIABILITY | ||
| 650 | _aPROFESSIONAL INDEMNITY INSURANCE | ||
| 690 | _aMANAGEMENT-BUSINESS MANAGEMENT-PROFESSIONAL PRACTICE | ||
| 942 | _n0 | ||
| 999 |
_c102376 _d102376 |
||